Teoria de los contratos. Parte general.

Đã lưu trong:
Chi tiết về thư mục
Tác giả chính: López de Zavalía, Fernando J. (autor)
Định dạng: Sách
Được phát hành: Buenos Aires, Argentina: Víctor P. de Zavalía, 1971.
Những chủ đề:
Các nhãn: Thêm thẻ
Không có thẻ, Là người đầu tiên thẻ bản ghi này!

MARC

LEADER 00000nam a22000007a 4500
003 CL-VaPUC
005 20231031155912.0
008 231024t1971 ||||| |||| 00| 0 eng d
999 |c 442172  |d 442170 
040 |c Pontificia Universidad Católica de Valparaíso 
082 0 4 |2 22  |a 346.02 LOP 1971 
100 1 |a López de Zavalía, Fernando J.  |9 587687  |e autor 
245 1 0 |a Teoria de los contratos.  |b Parte general. 
260 |a Buenos Aires, Argentina:  |b Víctor P. de Zavalía,  |c 1971. 
300 |a 485 páginas. 
500 |a c.1 Donación Jorge López Santa María. Memo N° 039/2023. 
583 |c 20231024  |k Catalogador Asistente 
650 1 |a Derecho contractual  |9 373875 
942 |2 ddc  |c BK 
952 |0 0  |1 0  |2 ddc  |4 0  |6 346_020000000000000_LOP_1971  |7 0  |8 A  |9 592107  |a BIBDER  |b BIBDER  |d 2023-10-24  |e Donación  |i 5659142  |o 346.02 LOP 1971  |p 5659142  |r 2023-10-24  |t 1  |w 2023-10-24  |y BK  |k DER